Sports Quiz

Random Sports Quiz

UFC Heavyweight Champions Quiz Stats

 Plays Quiz Updated Apr 5, 2019

Score 0/36 Timer 04:00
0 Plays Today
Year Champion % Correct
UFC 91, Nov 2008Brock Lesnar
91.6%
UFC 226, Jul 7, 2018Daniel Cormier
90%
UFC 48, Jun 2004Frank Mir
83.3%
UFC 92, Dec 2008 (interim)Frank Mir
83.3%
UFC Japan, Dec 1997Randy Couture
80.3%
UFC 28, Nov 2000Randy Couture
80.3%
UFC 31, May 2001Randy Couture
80.3%
UFC 34, Nov 2001Randy Couture
80.3%
UFC 68, Mar 2007Randy Couture
80.3%
UFC 74, Aug 2007Randy Couture
80.3%
UFC 198, May 14, 2016Stipe Miocic
79.1%
UFC 155, Dec 2012Cain Velasquez
77.6%
UFC on Fox 1, Nov 2011Junior dos Santos
74.5%
UFC 188, Jun 13, 2015Fabrício Werdum
69%
UFC 180, Nov 15, 2014 (interim)Fabrício Werdum
69%
UFC 41, Feb 2003Tim Sylvia
58.6%
UFC 59, Apr 2006Tim Sylvia
58.6%
UFC 44, Sep 2003 (stripped)Tim Sylvia
58.6%
Year Champion % Correct
UFC 61, July 2007Tim Sylvia
58.6%
UFC 65, Nov 2006Tim Sylvia
58.6%
UFC 51, Feb 2005 (interim)Andrei Arlovski
48.1%
UFC 53, Jun 2005Andrei Arlovski
48.1%
UFC 55, Oct 2005Andrei Arlovski
48.1%
UFC 100, July 2009Brock Lesnar
45.3%
UFC 116, July 2010Brock Lesnar
45.3%
UFC 12, Feb 1997Mark Coleman
43.8%
UFC 121, Oct 2010Cain Velasquez
36.7%
UFC 81, Feb 2008Antonio Rodrigo Nogueira
34%
UFC 36, Mar 2002 (stripped)Josh Barnett
31.8%
UFC 23, Nov 1999Kevin Randleman
27.2%
UFC 26, Jun 2000Kevin Randleman
27.2%
UFC 111, Mar 2010 (interim)Shane Carwin
27.2%
UFC 20, May 1999Bas Rutten
25.9%
UFC 39, Sep 2002Ricco Rodriguez
25.5%
UFC 14, Jul 1997Maurice Smith
24%
UFC 15, Oct 1997Maurice Smith
24%

You're not logged in!

Compare scores with friends on all Sporcle quizzes.
OR
Log In

Sporcle TV

Today on Sporcle TV


Watch our educational content, quiz creation guides, and fun videos on Sporcle TV.

Show Comments

Extras

Top Quizzes Today


Score Distribution

Your Account Isn't Verified!

In order to create a playlist on Sporcle, you need to verify the email address you used during registration. Go to your Sporcle Settings to finish the process.

Report this User

Report this user for behavior that violates our Community Guidelines.

Details: